[Event "Geraardsbergen op 35th"]
[Site "Geraardsbergen"]
[Date "2019.08.16"]
[Round "5"]
[White "Moes, Waldemar"]
[Black "Okhotnik, Vladimir"]
[Result "0-1"]
[WhiteElo "2033"]
[BlackElo "2363"]
[PlyCount "77"]
[EventDate "2019.08.14"]
[EventType "swiss"]
[EventRounds "9"]
[EventCountry "BEL"]
[SourceTitle "CBM 191 Extra"]
[Source "ChessBase"]
[SourceDate "2019.09.30"]
[SourceVersion "1"]
[SourceVersionDate "2019.09.30"]
[SourceQuality "1"]

1. d4 d6 2. Bf4 g6 3. e3 Bg7 4. h3 e5 5. Bh2 exd4 6. exd4 Nf6 7. Nf3 0-0 8. Be2 Nc6 9. 0-0 a5 10. a4 Nb4 11. c3 Nbd5 12. Na3 Bh6 13. Re1 Be6 14. Nb5 Nf4 15. Bf1 N6d5 16. c4 Nb4 17. d5 Bd7 18. Nfd4 Nh5 19. Qf3 Bxb5 20. axb5 Bg7 21. Nf5 Nc2 22. Nxg7 Nxg7 23. b6 Nxe1 24. Rxe1 cxb6 25. Qa3 Re8 26. Rd1 b5 27. cxb5 Re7 28. Qxd6 Qxd6 29. Bxd6 Rd7 30. Ba3 Rad8 31. Bc4 Nf5 32. b3 Ne7 33. b6 Nc8 34. Bc5 Nd6 35. Bd3 Rc8 36. Bd4 Nf5 37. Bb5 Rxd5 38. Bd3 Ne3 39. Bxe3 0-1

[Event "Geraardsbergen op 35th"]
[Site "Geraardsbergen"]
[Date "2019.08.15"]
[Round "3"]
[White "Moes, Waldemar"]
[Black "Chetverik, Maxim"]
[Result "1/2-1/2"]
[WhiteElo "2033"]
[BlackElo "2199"]
[PlyCount "59"]
[EventDate "2019.08.14"]
[EventType "swiss"]
[EventRounds "9"]
[EventCountry "BEL"]
[SourceTitle "CBM 191 Extra"]
[Source "ChessBase"]
[SourceDate "2019.09.30"]
[SourceVersion "1"]
[SourceVersionDate "2019.09.30"]
[SourceQuality "1"]

1. d4 f5 2. Bg5 g6 3. e3 Nh6 4. Nc3 Nf7 5. Bf4 Bg7 6. Nf3 d6 7. Bc4 e6 8. h4 Qe7 9. Qe2 a6 10. a4 Nc6 11. 0-0-0 Ncd8 12. Rhe1 c6 13. e4 b5 14. axb5 axb5 15. Bb3 Ra1+ 16. Kd2 Rxd1+ 17. Kxd1 b4 18. Na4 Qa7 19. exf5 gxf5 20. Qc4 Qb8 21. Bd2 Nh6 22. Qxb4 Qxb4 23. Bxb4 Ng4 24. Bxd6 Nxf2+ 25. Kc1 Bh6+ 26. Kb1 Ne4 27. Bb4 Rg8 28. Nc5 Nxc5 29. Bxc5 Rxg2 30. d5 1/2-1/2

[Event "Wiesbaden op 30th"]
[Site "Wiesbaden"]
[Date "2018.08.25"]
[Round "5"]
[White "Stork, Oliver"]
[Black "Moes, Waldemar"]
[Result "1-0"]
[WhiteElo "2175"]
[BlackElo "2015"]
[PlyCount "33"]
[EventDate "2018.08.23"]
[EventType "swiss"]
[EventRounds "7"]
[EventCountry "GER"]
[SourceTitle "CBM 186 Extra"]
[Source "ChessBase"]
[SourceDate "2018.08.24"]
[SourceVersion "1"]
[SourceVersionDate "2018.08.24"]
[SourceQuality "1"]

1. c4 e6 2. Nf3 d5 3. b3 d4 4. e3 c5 5. g3 Nc6 6. exd4 cxd4 7. Bg2 Nf6 8. 0-0 Bd6 9. d3 h6 10. Bb2 e5 11. b4 0-0 12. a3 Bf5 13. Re1 Re8 14. Qb3 e4 15. dxe4 Nxe4 16. Nbd2 Qb6 17. c5 1-0

[Event "Wiesbaden op 30th"]
[Site "Wiesbaden"]
[Date "2018.08.23"]
[Round "1"]
[White "Viol, Julius"]
[Black "Moes, Waldemar"]
[Result "1/2-1/2"]
[WhiteElo "1666"]
[BlackElo "2015"]
[PlyCount "86"]
[EventDate "2018.08.23"]
[EventType "swiss"]
[EventRounds "7"]
[EventCountry "GER"]
[SourceTitle "CBM 186 Extra"]
[Source "ChessBase"]
[SourceDate "2018.08.24"]
[SourceVersion "1"]
[SourceVersionDate "2018.08.24"]
[SourceQuality "1"]

1. d4 Nf6 2. Nf3 g6 3. g3 Bg7 4. Bg2 0-0 5. 0-0 d6 6. c4 Nbd7 7. Nc3 e5 8. e4 c6 9. b3 exd4 10. Nxd4 Re8 11. Re1 Nc5 12. Bb2 a5 13. Kh1 Ng4 14. Re2 Qf6 15. Nf3 Ne5 16. Nxe5 dxe5 17. f3 Be6 18. Ba3 Red8 19. Rd2 Bh6 20. Rd6 Na6 21. Qe2 Nb4 22. Rad1 Bf8 23. Rxd8 Rxd8 24. Na4 Nxa2 25. Bxf8 Kxf8 26. Nc5 Bc8 27. Ra1 Qd6 28. Nxb7 Bxb7 29. Qxa2 Qb4 30. h3 Rd2 31. Qa3 Qxa3 32. Rxa3 Rb2 33. Rxa5 Rxb3 34. Rxe5 Rc3 35. Rc5 f6 36. g4 g5 37. e5 Ke7 38. exf6+ Kxf6 39. f4 gxf4 40. Rf5+ Ke6 41. Rxf4 Ba6 42. Bxc6 Rxc4 43. Rxc4 Bxc4 1/2-1/2

[Event "Goch op 27th"]
[Site "Goch"]
[Date "2016.09.04"]
[Round "6"]
[White "Moes, Waldemar"]
[Black "Koellner, Christof"]
[Result "0-1"]
[WhiteElo "2074"]
[BlackElo "2132"]
[PlyCount "128"]
[EventDate "2016.09.01"]
[EventType "swiss"]
[EventRounds "7"]
[EventCountry "GER"]
[SourceTitle "EXT 2018"]
[Source "ChessBase"]
[SourceDate "2017.10.13"]
[SourceVersion "1"]
[SourceVersionDate "2017.10.13"]
[SourceQuality "1"]

1. e4 d6 2. d4 Nf6 3. Nc3 e5 4. Nf3 exd4 5. Nxd4 Be7 6. Bc4 0-0 7. Bb3 Na6 8. 0-0 Nc5 9. Qf3 Re8 10. Re1 Nxb3 11. axb3 h6 12. Bf4 Bf8 13. h3 a6 14. Rad1 Nd7 15. Qg3 Kh7 16. Nf3 f6 17. e5 Nxe5 18. Bxe5 fxe5 19. Nxe5 Qg5 20. Qxg5 hxg5 21. Nf3 Rxe1+ 22. Rxe1 Kg6 23. Nd5 Bd7 24. c3 c6 25. Nb6 Rd8 26. Nxd7 Rxd7 27. Re8 Kf7 28. Rb8 Be7 29. g4 Bf6 30. b4 Ke6 31. Rh8 Kd5 32. Nd2 Re7 33. Kf1 Be5 34. f3 Bf4 35. Ne4 Kc4 36. h4 gxh4 37. Rxh4 d5 38. Nc5 Bc1 39. Rh2 Be3 40. Na4 b5 41. Nc5 Bxc5 42. bxc5 a5 43. f4 a4 44. f5 Kxc5 45. g5 d4 46. cxd4+ Kxd4 47. f6 gxf6 48. gxf6 Rf7 49. Rf2 Ke5 50. Ke1 Rxf6 51. Re2+ Kd4 52. Kd2 b4 53. Kc2 Rf3 54. Rh2 Re3 55. Rh4+ Re4 56. Rh2 Kc4 57. Rg2 c5 58. Rh2 b3+ 59. Kd2 Rd4+ 60. Kc1 Rg4 61. Kd2 Kb4 62. Rh8 Rg2+ 63. Kc1 Rg1+ 64. Kd2 Rb1 0-1

[Event "Goch op 27th"]
[Site "Goch"]
[Date "2016.09.03"]
[Round "5"]
[White "Mueller, Michael"]
[Black "Moes, Waldemar"]
[Result "1/2-1/2"]
[WhiteElo "2252"]
[BlackElo "2074"]
[PlyCount "81"]
[EventDate "2016.09.01"]
[EventType "swiss"]
[EventRounds "7"]
[EventCountry "GER"]
[SourceTitle "EXT 2018"]
[Source "ChessBase"]
[SourceDate "2017.10.13"]
[SourceVersion "1"]
[SourceVersionDate "2017.10.13"]
[SourceQuality "1"]

1. d4 d5 2. Nf3 e6 3. Bf4 Bd6 4. Bg3 Nf6 5. e3 Ne4 6. Nbd2 Nxg3 7. hxg3 Nd7 8. Bd3 c5 9. c3 b6 10. e4 cxd4 11. exd5 dxc3 12. Ne4 Nf6 13. Bb5+ Kf8 14. Nxc3 Nxd5 15. Nxd5 exd5 16. 0-0 Bb7 17. Re1 Qf6 18. Qd2 h5 19. Qd4 Qxd4 20. Nxd4 g6 21. Rad1 Rc8 22. Re2 Kg7 23. a3 h4 24. gxh4 Rxh4 25. g3 Rh5 26. Kg2 Rch8 27. Bc6 Bc8 28. Re8 Rxe8 29. Bxe8 Bb7 30. b4 a5 31. bxa5 bxa5 32. a4 Bc5 33. Bc6 Bxc6 34. Nxc6 Bb4 35. Nxb4 axb4 36. Rb1 d4 37. Rxb4 Rd5 38. Rb5 Rd7 39. Kf1 d3 40. Ke1 Re7+ 41. Kf1 1/2-1/2

[Event "Goch op 27th"]
[Site "Goch"]
[Date "2016.09.02"]
[Round "3"]
[White "Leck, Gerrit"]
[Black "Moes, Waldemar"]
[Result "0-1"]
[WhiteElo "1910"]
[BlackElo "2074"]
[PlyCount "66"]
[EventDate "2016.09.01"]
[EventType "swiss"]
[EventRounds "7"]
[EventCountry "GER"]
[SourceTitle "EXT 2018"]
[Source "ChessBase"]
[SourceDate "2017.10.13"]
[SourceVersion "1"]
[SourceVersionDate "2017.10.13"]
[SourceQuality "1"]

1. e4 e5 2. Nf3 Nf6 3. Nxe5 d6 4. Nf3 Nxe4 5. d4 d5 6. Bd3 Bd6 7. 0-0 0-0 8. c4 c6 9. Nc3 Nxc3 10. bxc3 dxc4 11. Bxc4 Bg4 12. Bd3 Nd7 13. Rb1 b5 14. Bc2 Qf6 15. Qd3 Qg6 16. Qxg6 hxg6 17. Be4 Rac8 18. c4 bxc4 19. Nd2 Nb6 20. Rxb6 axb6 21. Nxc4 Bc7 22. Ba3 Rfd8 23. Bb2 Be6 24. Rc1 Bd5 25. Bxd5 cxd5 26. Ne3 Bd6 27. Rxc8 Rxc8 28. g3 Ra8 29. a4 Rxa4 30. Nxd5 b5 31. Nc3 Rb4 32. Ba3 Rb3 33. Bxd6 Rxc3 0-1

[Event "Brno op 5th"]
[Site "Brno"]
[Date "2014.11.20"]
[Round "7"]
[White "Moes, Waldemar"]
[Black "Glozar, Petr"]
[Result "1-0"]
[WhiteElo "2054"]
[BlackElo "1665"]
[PlyCount "77"]
[EventDate "2014.11.15"]
[EventType "swiss"]
[EventRounds "9"]
[EventCountry "CZE"]
[SourceTitle "CBM 163 Extra"]
[Source "ChessBase"]
[SourceDate "2014.12.23"]
[SourceVersion "1"]
[SourceVersionDate "2014.12.23"]
[SourceQuality "1"]

1. e4 c5 2. Nf3 Nc6 3. d4 cxd4 4. Nxd4 g6 5. Nc3 Bg7 6. Be3 Nf6 7. Bc4 Qa5 8. 0-0 0-0 9. Bb3 d6 10. h3 Bd7 11. f4 Qh5 12. Qxh5 Nxh5 13. Rad1 Nxd4 14. Bxd4 Bxd4+ 15. Rxd4 Bc6 16. Nd5 Bxd5 17. exd5 Ng3 18. Re1 Rac8 19. Kf2 Nf5 20. Rde4 Rc7 21. g4 Ng7 22. Rxe7 Rfc8 23. R1e4 Kf8 24. Rxc7 Rxc7 25. Rc4 Rxc4 26. Bxc4 f5 27. Bd3 Ne8 28. Ke3 Nc7 29. Kd4 b6 30. c4 a5 31. a3 Na6 32. Kc3 Ke7 33. b4 axb4+ 34. axb4 Nc7 35. Bc2 b5 36. Kd4 Kd7 37. h4 Ke7 38. Bd3 bxc4 39. Kxc4 1-0

[Event "Brno op 5th"]
[Site "Brno"]
[Date "2014.11.19"]
[Round "5"]
[White "Moes, Waldemar"]
[Black "Snasel, Michal"]
[Result "1/2-1/2"]
[WhiteElo "2054"]
[BlackElo "1704"]
[PlyCount "35"]
[EventDate "2014.11.15"]
[EventType "swiss"]
[EventRounds "9"]
[EventCountry "CZE"]
[SourceTitle "CBM 163 Extra"]
[Source "ChessBase"]
[SourceDate "2014.12.23"]
[SourceVersion "1"]
[SourceVersionDate "2014.12.23"]
[SourceQuality "1"]

1. e4 c5 2. Nf3 g6 3. d4 cxd4 4. Nxd4 Nf6 5. Nc3 d6 6. Be3 Bg7 7. f3 0-0 8. Qd2 Nc6 9. 0-0-0 Qa5 10. Bc4 Bd7 11. Bb3 Rfc8 12. h4 Ne5 13. h5 Nc4 14. Bxc4 Rxc4 15. hxg6 fxg6 16. Nb3 Qa6 17. Kb1 Be6 18. Qe2 1/2-1/2

[Event "Maastricht Limburg op-B 8th"]
[Site "Maastricht"]
[Date "2014.06.09"]
[Round "6"]
[White "Moes, Waldemar"]
[Black "Rutten, David"]
[Result "1-0"]
[WhiteElo "2038"]
[BlackElo "1853"]
[PlyCount "37"]
[EventDate "2014.06.06"]
[EventType "swiss"]
[EventRounds "7"]
[EventCountry "NED"]
[SourceTitle "EXT 2015"]
[Source "ChessBase"]
[SourceDate "2014.11.20"]
[SourceVersion "1"]
[SourceVersionDate "2014.11.20"]
[SourceQuality "1"]

1. d4 c5 2. e4 cxd4 3. Nf3 d6 4. Nxd4 Nf6 5. Nc3 a6 6. Bg5 e6 7. f4 Qb6 8. Qd2 Qxb2 9. Rb1 Qa3 10. Bxf6 gxf6 11. f5 Nc6 12. Nxc6 bxc6 13. Be2 e5 14. 0-0 Qc5+ 15. Kh1 Qd4 16. Qe1 Bh6 17. Rd1 Qb4 18. Rf3 Ke7 19. Nd5+ 1-0

[Event "Maastricht Limburg op-B 8th"]
[Site "Maastricht"]
[Date "2014.06.09"]
[Round "7"]
[White "Wuijts, Johan"]
[Black "Moes, Waldemar"]
[Result "1/2-1/2"]
[WhiteElo "1756"]
[BlackElo "2038"]
[PlyCount "41"]
[EventDate "2014.06.06"]
[EventType "swiss"]
[EventRounds "7"]
[EventCountry "NED"]
[SourceTitle "EXT 2015"]
[Source "ChessBase"]
[SourceDate "2014.11.20"]
[SourceVersion "1"]
[SourceVersionDate "2014.11.20"]
[SourceQuality "1"]

1. b3 e5 2. Bb2 Nc6 3. e3 Nf6 4. Nf3 Bd6 5. Bb5 e4 6. Nd4 Nxd4 7. Bxd4 c6 8. Be2 Bc7 9. c4 0-0 10. d3 d5 11. cxd5 cxd5 12. Nc3 Be6 13. 0-0 Rc8 14. Rc1 Bb6 15. Nb5 Rxc1 16. Qxc1 Bd7 17. Bxb6 Qxb6 18. Nd4 Rc8 19. Qd2 Qc5 20. h3 h6 21. Rd1 1/2-1/2

[Event "Maastricht Limburg op-B 8th"]
[Site "Maastricht"]
[Date "2014.06.07"]
[Round "2"]
[White "Moes, Waldemar"]
[Black "Van Doorn, Hans"]
[Result "1/2-1/2"]
[WhiteElo "2038"]
[BlackElo "1928"]
[PlyCount "52"]
[EventDate "2014.06.06"]
[EventType "swiss"]
[EventRounds "7"]
[EventCountry "NED"]
[SourceTitle "EXT 2015"]
[Source "ChessBase"]
[SourceDate "2014.11.20"]
[SourceVersion "1"]
[SourceVersionDate "2014.11.20"]
[SourceQuality "1"]

1. e4 e6 2. d4 d5 3. Nd2 Nf6 4. e5 Nfd7 5. Bd3 c5 6. c3 Nc6 7. Ne2 Qb6 8. Nf3 f6 9. exf6 Nxf6 10. 0-0 Bd6 11. Bf4 Bxf4 12. Nxf4 Qc7 13. Qd2 0-0 14. g3 Bd7 15. Rae1 Rae8 16. Ne5 cxd4 17. cxd4 Nxe5 18. Rxe5 Qb6 19. Ree1 Ng4 20. Re2 Nh6 21. Kg2 Kh8 22. Bb1 Nf5 23. Bxf5 Rxf5 24. Qe3 Ref8 25. Rc1 Kg8 26. Rec2 e5 1/2-1/2

[Event "Maastricht Limburg op-B 8th"]
[Site "Maastricht"]
[Date "2014.06.06"]
[Round "1"]
[White "Visser, Sebastiaan"]
[Black "Moes, Waldemar"]
[Result "0-1"]
[WhiteElo "1874"]
[BlackElo "2038"]
[PlyCount "50"]
[EventDate "2014.06.06"]
[EventType "swiss"]
[EventRounds "7"]
[EventCountry "NED"]
[SourceTitle "EXT 2015"]
[Source "ChessBase"]
[SourceDate "2014.11.20"]
[SourceVersion "1"]
[SourceVersionDate "2014.11.20"]
[SourceQuality "1"]

1. d4 d5 2. Nf3 e6 3. c4 c5 4. e3 Nf6 5. Nc3 Nc6 6. Bd3 a6 7. a3 cxd4 8. exd4 dxc4 9. Bxc4 Be7 10. d5 exd5 11. Nxd5 0-0 12. 0-0 Bg4 13. Bf4 Nxd5 14. Bxd5 Qb6 15. b4 Bf6 16. Rc1 Bb2 17. Rb1 Bf6 18. Qb3 Rad8 19. Rbc1 Nd4 20. Nxd4 Qxd4 21. Bxb7 Qxf4 22. Bxa6 Rd2 23. g3 Qd6 24. Bb7 Rd8 25. Qc4 Be2 0-1

[Event "Utrecht OKU op 41st"]
[Site "Utrecht"]
[Date "2014.05.31"]
[Round "4"]
[White "De Niet, Shotaro"]
[Black "Moes, Waldemar"]
[Result "1-0"]
[WhiteElo "2058"]
[BlackElo "2045"]
[PlyCount "31"]
[EventDate "2014.05.30"]
[EventType "swiss"]
[EventRounds "6"]
[EventCountry "NED"]
[SourceTitle "CBM 160 Extra"]
[Source "ChessBase"]
[SourceDate "2014.07.01"]
[SourceVersion "1"]
[SourceVersionDate "2014.07.01"]
[SourceQuality "1"]

1. Nc3 c5 2. e4 Nc6 3. Bb5 g6 4. Bxc6 dxc6 5. d3 Bg7 6. f4 e5 7. Nf3 exf4 8. Bxf4 Nf6 9. 0-0 0-0 10. Qd2 Ne8 11. Bh6 Nc7 12. Bxg7 Kxg7 13. Rf2 Ne6 14. Raf1 h6 15. Ne2 Nd4 16. Qc3 1-0

[Event "Haarlem Nova College op-A 12th"]
[Site "Haarlem"]
[Date "2013.06.30"]
[Round "6"]
[White "Van der Lende, Ilias"]
[Black "Moes, Waldemar"]
[Result "1-0"]
[WhiteElo "2198"]
[BlackElo "2071"]
[PlyCount "61"]
[EventDate "2013.06.28"]
[EventType "swiss"]
[EventRounds "6"]
[EventCountry "NED"]
[SourceTitle "EXT 2015"]
[Source "ChessBase"]
[SourceDate "2014.11.20"]
[SourceVersion "1"]
[SourceVersionDate "2014.11.20"]
[SourceQuality "1"]

1. e4 e5 2. Nf3 Nf6 3. Nxe5 d6 4. Nf3 Nxe4 5. d4 d5 6. Bd3 Bd6 7. c4 c6 8. 0-0 0-0 9. Nc3 Nxc3 10. bxc3 dxc4 11. Bxc4 Bg4 12. h3 Bh5 13. Re1 Nd7 14. Bd3 Qa5 15. Bd2 Rae8 16. c4 Rxe1+ 17. Nxe1 Bxd1 18. Bxa5 Bh5 19. c5 Bb8 20. Rb1 b5 21. cxb6 axb6 22. Bxb6 Nxb6 23. Rxb6 Ba7 24. Rxc6 Re8 25. Kf1 Bxd4 26. g4 Bg6 27. Bxg6 hxg6 28. Nf3 Ba1 29. Ra6 Rc8 30. a4 Rc3 31. Ra8+ 1-0

[Event "Haarlem Nova College op-A 12th"]
[Site "Haarlem"]
[Date "2013.06.29"]
[Round "4"]
[White "Peng, Zhaoqin"]
[Black "Moes, Waldemar"]
[Result "1-0"]
[WhiteElo "2389"]
[BlackElo "2071"]
[PlyCount "91"]
[EventDate "2013.06.28"]
[EventType "swiss"]
[EventRounds "6"]
[EventCountry "NED"]
[SourceTitle "EXT 2015"]
[Source "ChessBase"]
[SourceDate "2014.11.20"]
[SourceVersion "1"]
[SourceVersionDate "2014.11.20"]
[SourceQuality "1"]

1. d4 d5 2. c4 e6 3. Nf3 c5 4. cxd5 exd5 5. Bg5 Be7 6. Bxe7 Nxe7 7. dxc5 Qa5+ 8. Nc3 Nbc6 9. e3 Qxc5 10. Be2 0-0 11. 0-0 Bf5 12. Rc1 Rad8 13. Qb3 Qb4 14. Qxb4 Nxb4 15. Rfd1 Be6 16. Nd4 Rc8 17. f4 Nbc6 18. Kf2 Nxd4 19. Rxd4 Rfd8 20. Rcd1 f6 21. R4d2 f5 22. h3 Rd7 23. g4 g6 24. g5 Rcd8 25. Nb5 a6 26. Nd4 Kf7 27. Rc1 Nc8 28. Rdc2 Nd6 29. Nf3 Kg7 30. Ne5 Re7 31. Rc7 Rde8 32. Bd3 Nf7 33. Nf3 Nd6 34. b3 Bf7 35. Ne5 Be6 36. h4 Nf7 37. Nf3 h5 38. Nd4 Nd8 39. Be2 Kf7 40. Bf3 Rxc7 41. Rxc7+ Re7 42. Nxe6 Kxe6 43. Bxd5+ Kd6 44. Rxe7 Kxe7 45. e4 Kd6 46. Ke3 1-0

[Event "Haarlem Nova College op-A 12th"]
[Site "Haarlem"]
[Date "2013.06.29"]
[Round "3"]
[White "Van Foreest, Jorden"]
[Black "Moes, Waldemar"]
[Result "1/2-1/2"]
[WhiteElo "2273"]
[BlackElo "2071"]
[PlyCount "54"]
[EventDate "2013.06.28"]
[EventType "swiss"]
[EventRounds "6"]
[EventCountry "NED"]
[SourceTitle "EXT 2015"]
[Source "ChessBase"]
[SourceDate "2014.11.20"]
[SourceVersion "1"]
[SourceVersionDate "2014.11.20"]
[SourceQuality "1"]

1. e4 e5 2. Nf3 Nf6 3. Nc3 Bb4 4. Bd3 Bxc3 5. dxc3 d6 6. h3 Nbd7 7. Be3 b6 8. Nd2 Bb7 9. c4 Nc5 10. f3 0-0 11. Qe2 Nh5 12. Qf2 Nf4 13. Bxf4 exf4 14. 0-0-0 Qf6 15. Rhg1 Rfe8 16. g3 Re5 17. gxf4 Qxf4 18. Rg4 Qh6 19. Rdg1 g6 20. Kb1 Rae8 21. h4 Rh5 22. a3 Bc8 23. Rg5 Rxh4 24. f4 Ne6 25. R5g4 Rh2 26. Qe3 Nd4 27. R4g2 Rxg2 1/2-1/2

[Event "Vienna Husek op-A"]
[Site "Vienna"]
[Date "2012.08.17"]
[Round "5"]
[White "Moes, Waldemar"]
[Black "Wieser, Andreas2"]
[Result "0-1"]
[WhiteElo "2054"]
[BlackElo "1947"]
[PlyCount "68"]
[EventDate "2012.08.13"]
[EventType "swiss"]
[EventRounds "7"]
[EventCountry "AUT"]
[SourceTitle "EXT 2014"]
[Source "ChessBase"]
[SourceDate "2013.11.20"]
[SourceVersion "1"]
[SourceVersionDate "2013.11.20"]
[SourceQuality "1"]

1. e4 e6 2. d4 d5 3. Nd2 Nf6 4. e5 Nfd7 5. Bd3 c5 6. c3 Nc6 7. Ngf3 Qb6 8. 0-0 Be7 9. dxc5 Nxc5 10. Bc2 Nd7 11. Qe2 Qc7 12. Re1 b6 13. Nb3 Nc5 14. Nxc5 bxc5 15. Ng5 h6 16. Qh5 g6 17. Qh3 Nxe5 18. Bf4 Bd6 19. Ba4+ Kf8 20. Bxe5 Bxe5 21. Nf3 Bd6 22. Qh4 Be7 23. Qh3 Bd6 24. g3 e5 25. Qf1 e4 26. Nd2 Kg7 27. c4 Ba6 28. Bb5 Bxb5 29. cxb5 h5 30. Nb3 Rad8 31. Rac1 c4 32. Nd4 h4 33. Kg2 hxg3 34. hxg3 Qd7 0-1

[Event "Vienna Husek op-A"]
[Site "Vienna"]
[Date "2012.08.14"]
[Round "2"]
[White "Juhasz, Kristof"]
[Black "Moes, Waldemar"]
[Result "1-0"]
[WhiteElo "2377"]
[BlackElo "2054"]
[PlyCount "59"]
[EventDate "2012.08.13"]
[EventType "swiss"]
[EventRounds "7"]
[EventCountry "AUT"]
[SourceTitle "EXT 2014"]
[Source "ChessBase"]
[SourceDate "2013.11.20"]
[SourceVersion "1"]
[SourceVersionDate "2013.11.20"]
[SourceQuality "1"]

1. Nf3 d5 2. d4 Nf6 3. c4 e6 4. Nc3 c5 5. cxd5 exd5 6. Bg5 Be7 7. dxc5 0-0 8. Rc1 Nc6 9. e3 Be6 10. Be2 Bxc5 11. 0-0 Be7 12. Qd3 h6 13. Bh4 Qb6 14. Qb5 Qc7 15. Bg3 Qd7 16. Ne5 Nxe5 17. Bxe5 a6 18. Qxd7 Bxd7 19. Bf3 Bc6 20. Rfd1 Rfd8 21. Ne2 Rac8 22. Nd4 Ne4 23. Be2 Ba4 24. b3 Be8 25. Nf5 Bf8 26. f3 Nc5 27. Bxg7 Bxg7 28. Ne7+ Kf8 29. Nxc8 Rxc8 30. b4 1-0

[Event "Seefeld op 18th"]
[Site "Seefeld"]
[Date "2007.09.01"]
[Round "1"]
[White "Moes, Waldemar"]
[Black "Dalnodar, Bernhard"]
[Result "1-0"]
[WhiteElo "2024"]
[BlackElo "1709"]
[PlyCount "85"]
[EventDate "2007.09.01"]
[EventType "swiss"]
[EventRounds "9"]
[EventCountry "AUT"]
[SourceTitle "EXT 2009"]
[Source "ChessBase"]
[SourceDate "2008.11.26"]
[SourceVersion "1"]
[SourceVersionDate "2008.11.26"]
[SourceQuality "1"]

1. d4 Nf6 2. Nf3 g6 3. Bg5 Bg7 4. Nbd2 d6 5. e4 0-0 6. c3 Nbd7 7. Be2 e5 8. dxe5 dxe5 9. 0-0 Qe7 10. Qc2 b6 11. Rfe1 Bb7 12. Bf1 h6 13. Bh4 g5 14. Bg3 Nh5 15. Nc4 Nf4 16. Ne3 Rac8 17. Nf5 Qf6 18. Nd2 h5 19. f3 Rcd8 20. Bf2 Bc8 21. Nc4 Nb8 22. Nce3 Bxf5 23. Nxf5 Nc6 24. Qa4 a5 25. Qxc6 Qxc6 26. Ne7+ Kh7 27. Nxc6 Rd6 28. Bb5 Rg6 29. Rad1 g4 30. Ne7 Re6 31. Nf5 Rg6 32. fxg4 Rxg4 33. g3 Bf6 34. Kf1 Nh3 35. Kg2 Nf4+ 36. Kf3 Nh3 37. Be3 Bg5 38. Bf1 Nf4 39. gxf4 Bxf4 40. Bh3 Rg6 41. Bxf4 exf4 42. Kxf4 b5 43. Rd7 1-0

[Event "Bad Ems op"]
[Site "Bad Ems"]
[Date "2006.03.07"]
[Round "5"]
[White "Roos, Thomas"]
[Black "Moes, Waldemar"]
[Result "1-0"]
[WhiteElo "2238"]
[BlackElo "2047"]
[PlyCount "37"]
[EventDate "2006.03.04"]
[EventType "swiss"]
[EventRounds "9"]
[EventCountry "GER"]
[SourceTitle "EXT 2007"]
[Source "ChessBase"]
[SourceDate "2006.11.23"]
[SourceVersion "1"]
[SourceVersionDate "2006.11.23"]
[SourceQuality "1"]

1. d4 Nf6 2. c4 e6 3. g3 Bb4+ 4. Bd2 Qe7 5. Bg2 Bxd2+ 6. Qxd2 d6 7. Nc3 0-0 8. e3 c6 9. Nge2 e5 10. h3 Nbd7 11. g4 Nb6 12. b3 exd4 13. Qxd4 d5 14. g5 Ne4 15. Bxe4 dxe4 16. h4 Bg4 17. Rg1 Bf3 18. Ng3 Rad8 19. Nf5 1-0